| 000 | 01594nam a22002417a 4500 | ||
|---|---|---|---|
| 005 | 2012082803073.0 | ||
| 010 | _aB-462329-333 | ||
| 020 |
_a9788175411449 _c850.00 |
||
| 035 | _aB-462329-333 | ||
| 037 |
_adpl _bK.K. Pub/Ven |
||
| 082 | _a863.1 | ||
| 245 |
_aThe flute: _bselected poems of Rabindranath Tagore/ _ctranslated by Jadu Saha |
||
| 260 |
_a Delhi _bShipra Publishers _c2003 |
||
| 270 |
_a115-A Vikas Marg Shakarpur _b Delhi _e110092 |
||
| 300 |
_a276p. _c23 cm.(Hb) |
||
| 942 |
_2ddc _cEN _h863.1 _mTAG |
||
| 999 |
_c69425 _d69425 |
||